Management Accounting : Text Problems and Cases (Record no. 9313)

MARC details
000 -LEADER
fixed length control field 00345nam a22001337a 4500
003 - CONTROL NUMBER IDENTIFIER
control field OSt
008 - FIXED-LENGTH DATA ELEMENTS--GENERAL INFORMATION
fixed length control field 201120b ||||| |||| 00| 0 eng d
100 ## - MAIN ENTRY--PERSONAL NAME
Personal name KHAN, M Y and Jain, P. K.
245 ## - TITLE STATEMENT
Title Management Accounting : Text Problems and Cases
250 ## - EDITION STATEMENT
Edition statement 70th
260 ## - PUBLICATION, DISTRIBUTION, ETC. (IMPRINT)
Place of publication, distribution, etc New Delhi
Name of publisher, distributor, etc Tata Mcgraw Hill
Date of publication, distribution, etc 2019
650 ## - SUBJECT ADDED ENTRY--TOPICAL TERM
Topical term or geographic name as entry element B.Com
942 ## - ADDED ENTRY ELEMENTS (KOHA)
Source of classification or shelving scheme Dewey Decimal Classification
Koha item type Text Books
Holdings
Withdrawn status Lost status Source of classification or shelving scheme Damaged status Not for loan Collection code Home library Current library Date acquired Source of acquisition Currency Cost, normal purchase price Bill Number Total Checkouts Acc. no. / Barcode Date last seen Actual Cost, discounted price Bill Date Koha item type Date last borrowed
    Dewey Decimal Classification     B.Com PIET NCR College Library PIET NCR College Library 20/11/2020 Kirti Prakashan IN Rupees 775.00 IN487   N715 20/11/2020 527.00 16/09/2020 Reference Books  
    Dewey Decimal Classification     B.Com PIET NCR College Library PIET NCR College Library 20/11/2020 Kirti Prakashan IN Rupees 775.00 IN487 1 N716 08/05/2024 527.00 16/09/2020 Text Books 26/04/2024

Design & Developed by: PIET Central Library
R70 Miles Stone Pattikalyana Samalkha Panipat 132102
mail ID :- [email protected], Phone No:- 0180-2569700 Ex.216